000 00680nam a2200205 i 4500
001 90136
003 ES-MaACL
005 20230906180348.0
007 t|
008 050118s1935 fr ||||1| fre d
100 1 _aLefevre, Raymonde.
_9184135
245 1 3 _aLe mariage de Loti /
_cRaymonde Lefevre.
260 _aParis :
_bSociété Française de Editions Litteraires et Techniques,
_c1935 (
_eAbbeville :
_fF. Paillart)
300 _a151 p. ;
_c19 cm.
490 1 _aLes Grands événements littéraires
700 1 _aLoti, Pierre.
_tLe mariage de Loti.
_9148450
830 0 _aLes Grands événements littéraires
_9180814
852 _aES-MaACL
_jB-8692
999 _c90136
_d90136